Zostavenie účtovných závierok
Triedenie účtovných jednotiek podľa novely zákony o účtovníctve (zákon č. 333/2014).
Salvato in:
| Autore principale: | |
|---|---|
| Natura: | Capitolo di libro |
| Lingua: | slovacco |
| Soggetti: | |
| Tags: |
Nessun Tag, puoi essere il primo ad aggiungerne!!
|
MARC
| LEADER | 00000naa a2200000 4500 | ||
|---|---|---|---|
| 001 | 0212130 | ||
| 005 | 20231120130955.8 | ||
| 041 | 0 | |a slo | |
| 044 | |a SK | ||
| 245 | 1 | 0 | |a Zostavenie účtovných závierok |c Ivana Hudecová |
| 520 | |a Triedenie účtovných jednotiek podľa novely zákony o účtovníctve (zákon č. 333/2014). | ||
| 610 | 2 | 0 | |a závierka účtovná |
| 610 | 2 | 0 | |a zákony |
| 610 | 2 | 0 | |a pravidlá účtovné |
| 610 | 2 | 0 | |a účtovníctvo |
| 610 | 2 | 0 | |a novelizácia |
| 100 | 1 | |a Hudecová, Ivana | |